000 00552nam a22001937a 4500
005 20240209170116.0
008 240209b |||||||| |||| 00| 0 eng d
020 _a9789583002878
037 _3Donación
040 _aCO-JMCR
_cCO-JMCR
_dCO-JMCR
_erda
082 _aA-N
_bKAFm EJ.1
100 _eautor
_aKafka, Franz
_9535
245 _aLa Metamorfosis
246 _aLa condena
246 _aEn la colonia penitenciaria
260 _aBogotá
_bPanamericana
_c1997
300 _a219 páginas
_bIlustraciones a blanco y negro
_c20 cm
942 _2ddc
_cBK
999 _c30549
_d16933